• 首页
  • 本馆介绍
  • 公告通知
  • 最新文献
  • 馆藏检索
  • 电子资源
  • 读者导购
  • 参考咨询
  • 我的图书馆
  • 登录
  • 详细信息显示
  • 放入我的书架
  • 预约/预借图书
  • 作者相关作品
  • 分类相关作品
  • 丛书相关作品
  • 出版社相关作品

书目信息

  • 表格格式
  • 工作单格式
  • 卡片格式
题名:
偏瘫康复治疗技术图解
    
 
作者: 于兑生 著
分册:  
出版信息: 北京   华夏出版社  2005.12
页数: 310页
开本: 26cm
丛书名:
单 册:
中图分类: R743.309
科图分类:
主题词: 偏瘫--康复训练--图解 , 偏瘫 , 康复训练
电子资源:
ISBN: 978-7-5080-3827-8
000 00863nam0 2200265 450
001 2060275861
005 20201209164811.05
010    @a978-7-5080-3827-8@b精装@dCNY100.00
100    @a20060210e20152005em y0chiy50 ea
101 0  @achi
102    @aCN@b110000
105    @aa z 000yy
106    @ar
200 1  @a偏瘫康复治疗技术图解@9pian tan kang fu zhi liao ji shu tu jie@f于兑生著
205    @a2版
210    @a北京@c华夏出版社@d2005.12@h2015.02
215    @a310页@d26cm
330    @a本书主要包括了偏瘫康复的基本观点、造成偏瘫异常运动模式的因素、偏瘫急性期的康复治疗、床上训练法、坐位训练法、从坐位到立位训练法等内容。
606 0  @a偏瘫@x康复训练@j图解
606 0  @a偏瘫
606 0  @a康复训练
690    @aR743.309@v5
701  0 @a于兑生@9yu dui sheng@c(康复医学)@4著
801  0 @aCN@bBJSZM@c20201207
905    @b1270327-30@dR743.309@e277=2@f4
    
    偏瘫康复治疗技术图解/于兑生著.-2版.-北京:华夏出版社,2005.12(2015.02)
    310页;26cm
    
    
    ISBN 978-7-5080-3827-8(精装):CNY100.00
    本书主要包括了偏瘫康复的基本观点、造成偏瘫异常运动模式的因素、偏瘫急性期的康复治疗、床上训练法、坐位训练法、从坐位到立位训练法等内容。
●
相关链接 在E读中查询图书 在五车中查询图书 在当当中查询图书 在豆瓣中查询图书


正题名:偏瘫康复治疗技术图解     索取号:R743.309/277=2         预约/预借

序号 登录号 条形码 馆藏地/架位号 状态 备注
1 1270327   212703270   第二样本阅览室/ [索取号:R743.309/277=2] 在馆    
2 1270328   212703289   教育系资料室/ [索取号:R743.309/277=2] 在馆    
3 1270329   212703298   教育系资料室/ [索取号:R743.309/277=2] 在馆    
4 1270330   212703305   第三借阅区/ [索取号:R743.309/277=2] 在馆    
唐山师范学院图书馆 欢迎您!
大连网信软件有限公司© 版权所有